Biblioteki Polonii Amerykańskiej
Biblioteka Instytutu Józefa Piłsudskiego w Ameryce
Library of the Józef Piłsudski Institute of America
Biblioteka imienia Alfreda Jurzykowskiego Polskiego Instytutu Naukowego w Ameryce
The Alfred Jurzykowski Memorial Library of the Polish Institute of Arts & Sciences of America
Biblioteka Marjanczyków Polskiej Fundacji Kulturalnej
The Marjanczyk Library of the Polish Cultural Foundation

Biblioteka Fundacji Kościuszkowskiej
Library of the Kosciuszko Foundation

Epigonia / (Record no. 91116)

MARC details
000 -LEADER
fixed length control field 01475nam a2200469 i 4500
001 - CONTROL NUMBER
control field 991047758079705066
003 - CONTROL NUMBER IDENTIFIER
control field NyNyJPI
005 - DATE AND TIME OF LATEST TRANSACTION
control field 20260413200748.0
008 - FIXED-LENGTH DATA ELEMENTS--GENERAL INFORMATION
fixed length control field 210601s2016 pl |000 p pol c
009 - PHYSICAL DESCRIPTION FIXED-FIELD FOR ARCHIVAL COLLECTION (VM) [OBSOLETE]
fixed length control field b0000005201617
015 ## - NATIONAL BIBLIOGRAPHY NUMBER
National bibliography number UWD 2016/16595
020 ## - INTERNATIONAL STANDARD BOOK NUMBER
International Standard Book Number 9788365350077
035 ## - SYSTEM CONTROL NUMBER
System control number 991047758079705066
035 ## - SYSTEM CONTROL NUMBER
System control number (PL-WaBN)b52016171-48omnis_nlop
035 ## - SYSTEM CONTROL NUMBER
System control number b52016171
035 ## - SYSTEM CONTROL NUMBER
System control number (OCoLC)951385204
035 ## - SYSTEM CONTROL NUMBER
System control number xx003699083
035 ## - SYSTEM CONTROL NUMBER
System control number (PL)b0000005201617
035 ## - SYSTEM CONTROL NUMBER
System control number (EXLNZ-48OMNIS_NETWORK)9910129099005606
040 ## - CATALOGING SOURCE
Original cataloging agency WA N
Transcribing agency WA N
Modifying agency WA N
046 ## - SPECIAL CODED DATES
Beginning or single date created 2016
080 ## - UNIVERSAL DECIMAL CLASSIFICATION NUMBER
Universal Decimal Classification number 821.162.1-1
084 ## - OTHER CLASSIFICATION NUMBER
Classification number 04
100 1# - MAIN ENTRY--PERSONAL NAME
Personal name Wencel, Wojciech
Dates associated with a name (1972- )
Relator term Autor
245 10 - TITLE STATEMENT
Title Epigonia /
Statement of responsibility, etc. Wojciech Wencel ; [na okładce obraz Wlastimila Hofmana "Eloe nad zwłokami Anhellego" ; fotografia autora: Jakub Szymczuk].
250 ## - EDITION STATEMENT
Edition statement Wydanie pierwsze.
260 ## - PUBLICATION, DISTRIBUTION, ETC.
Place of publication, distribution, etc. Kraków :
Name of publisher, distributor, etc. Arcana,
Date of publication, distribution, etc. 2016.
300 ## - PHYSICAL DESCRIPTION
Extent 47, [4] strony ;
Dimensions 22 cm.
336 ## - CONTENT TYPE
Content type term Tekst
Content type code txt
Source rdacontent
337 ## - MEDIA TYPE
Media type term Bez urządzenia pośredniczącego
Media type code n
Source rdamedia
338 ## - CARRIER TYPE
Carrier type term Wolumin
Carrier type code nc
Source rdacarrier
380 ## - FORM OF WORK
Form of work Książki
380 ## - FORM OF WORK
Form of work Poezja
386 ## - CREATOR/CONTRIBUTOR CHARACTERISTICS
Demographic group term Przynależność kulturowa
Creator/contributor term Literatura polska
388 2# - TIME PERIOD OF CREATION
Time period of creation term 2001-
650 ## - SUBJECT ADDED ENTRY--TOPICAL TERM
Topical term or geographic name entry element Poezja polska
Chronological subdivision 1990-.
655 #7 - INDEX TERM--GENRE/FORM
Genre/form data or focus term Wiersze
Source of term DBN
700 1# - ADDED ENTRY--PERSONAL NAME
Personal name Hofman, Wlastimil
Dates associated with a name (1881-1970)
Relator term Ilustracje
700 1# - ADDED ENTRY--PERSONAL NAME
Personal name Szymczuk, Jakub
Dates associated with a name (1985- )
Relator term Fotografie
710 2# - ADDED ENTRY--CORPORATE NAME
Corporate name or jurisdiction name as entry element Arcana
Relator term Wydawca
Relationship pbl
942 ## - ADDED ENTRY ELEMENTS (KOHA)
Source of classification or shelving scheme Other/Generic Classification Scheme
Koha item type Books
Suppress in OPAC No
Holdings
Withdrawn status Lost status Source of classification or shelving scheme Damaged status Not for loan Home library Current library Date acquired Total checkouts Full call number Date last seen Price effective from Koha item type
    Other/Generic Classification Scheme   Not for loan Józef Piłsudski Institute Józef Piłsudski Institute 04/13/2026   K 1853 04/13/2026 04/13/2026 Books